Peter Norton's inside the PC / (Record no. 723)
[ view plain ]
| 000 -LEADER | |
|---|---|
| fixed length control field | 00688cac a22002171u 4500 |
| 008 - FIXED-LENGTH DATA ELEMENTS--GENERAL INFORMATION | |
| fixed length control field | 081105t1999 inuill |r|||| 00| 0 eng d |
| 010 ## - LIBRARY OF CONGRESS CONTROL NUMBER | |
| LC control number | 98088367 |
| 020 ## - INTERNATIONAL STANDARD BOOK NUMBER | |
| International Standard Book Number | 0672315327 |
| 020 ## - INTERNATIONAL STANDARD BOOK NUMBER | |
| International Standard Book Number | 9780672315329 |
| 082 00 - DEWEY DECIMAL CLASSIFICATION NUMBER | |
| Classification number | 004.165 |
| Item number | NOR |
| Edition number | 22 |
| 100 ## - MAIN ENTRY--PERSONAL NAME | |
| Personal name | Norton, Peter, |
| 9 (RLIN) | 861 |
| 245 10 - TITLE STATEMENT | |
| Title | Peter Norton's inside the PC / |
| Statement of responsibility, etc | Peter Norton, John Goodman. |
| 246 30 - VARYING FORM OF TITLE | |
| Title proper/short title | Inside the PC |
| 250 ## - EDITION STATEMENT | |
| Edition statement | 8th ed. |
| 260 ## - PUBLICATION, DISTRIBUTION, ETC. (IMPRINT) | |
| Place of publication, distribution, etc | Indianapolis, IN : |
| Name of publisher, distributor, etc | Sams, |
| Date of publication, distribution, etc | c1999. |
| 300 ## - PHYSICAL DESCRIPTION | |
| Extent | xxiv, 816 p. : |
| Other physical details | ill. ; |
| Dimensions | 23 cm. |
| 650 #0 - SUBJECT ADDED ENTRY--TOPICAL TERM | |
| Topical term or geographic name as entry element | IBM microcomputers. |
| 9 (RLIN) | 33446 |
| 650 #0 - SUBJECT ADDED ENTRY--TOPICAL TERM | |
| Topical term or geographic name as entry element | IBM Personal System/2 (Computer system) |
| 9 (RLIN) | 33447 |
| 700 1# - ADDED ENTRY--PERSONAL NAME | |
| Personal name | Goodman, John M., |
| Dates associated with a name | 1939- |
| 9 (RLIN) | 33448 |
| 942 ## - ADDED ENTRY ELEMENTS (KOHA) | |
| Item type | Book - Borrowing |
| Call number prefix | 004.165 NOR |
| Source of classification or shelving scheme | Dewey Decimal Classification |
| Withdrawn status | Item status | Damaged status | Not for loan | Home library | Current library | Shelving location | Date acquired | Source of acquisition | Total Checkouts | Full call number | Barcode | Date last seen | Date last borrowed | Koha item type |
|---|---|---|---|---|---|---|---|---|---|---|---|---|---|---|
| Central Library | Central Library | Lower Floor | 26/07/2006 | Purchase | 2 | 004.165 NOR | 000003877 | 15/07/2025 | 07/11/2015 | Book - Borrowing |